=LDR 00000nam 2200000 4500 =001 000446 =005 20250710043816 =035 ##$$a 0010-0725000308 =007 ta =008 250710################a##########0#ind## =020 ##$$a 978-623-307-449-0 =082 ##$$a 398.209 598 =084 ##$$a 398.209 598 ANW b =100 #$$a Anwar, Shahid =245 1#$$a Bayi Gajah Belajar Minum /$c Shahid Anwar =250 ##$$a Cetakan Pertama =260 ##$$a Jakarta Timur :$b Badan Pengembangan dan Pembinaan Bahasa,$c 2022 =300 ##$$a 16 hal : $b ilus. ; $c 29 cm =600 #4$$a Cerita Anak-Jambi =856 ##$$a TBM AS SUHADA =990 ##$$a TBM01700170